Marriage and its discontents (Record no. 991626)

MARC details
000 -LEADER
fixed length control field 00940nam a2200289Ia 4500
003 - CONTROL NUMBER IDENTIFIER
control field OSt
005 - DATE AND TIME OF LATEST TRANSACTION
control field 20221005083827.0
008 - FIXED-LENGTH DATA ELEMENTS--GENERAL INFORMATION
fixed length control field 221004b |||||||| |||| 00| 0 eng d
020 ## - INTERNATIONAL STANDARD BOOK NUMBER
International Standard Book Number 9789385606090 (hbk)
037 ## - SOURCE OF ACQUISITION
Terms of availability Textual
040 ## - CATALOGING SOURCE
Original cataloging agency CRL
Transcribing agency CRL
Language of cataloging eng
041 ## - LANGUAGE CODE
Source of code eng
Language code of text/sound track or separate title eng
100 ## - MAIN ENTRY--PERSONAL NAME
Personal name Vatuk Sylvia Au.
9 (RLIN) 612863
245 #0 - TITLE STATEMENT
Title Marriage and its discontents
Remainder of title women, Islam and the law in India
260 ## - PUBLICATION, DISTRIBUTION, ETC.
Place of publication, distribution, etc. New Delhi
Name of publisher, distributor, etc. Women Unlimited India
Date of publication, distribution, etc. 2017
300 ## - PHYSICAL DESCRIPTION
Extent xviii,273p.
Dimensions cm.
650 ## - SUBJECT ADDED ENTRY--TOPICAL TERM
Topical term or geographic name entry element ISLAMIC LAW
650 ## - SUBJECT ADDED ENTRY--TOPICAL TERM
Topical term or geographic name entry element LAW - INDIA
9 (RLIN) 15654
650 ## - SUBJECT ADDED ENTRY--TOPICAL TERM
Topical term or geographic name entry element MARRIAGE
9 (RLIN) 40925
650 ## - SUBJECT ADDED ENTRY--TOPICAL TERM
Topical term or geographic name entry element DIVORCE
9 (RLIN) 467082
942 ## - ADDED ENTRY ELEMENTS (KOHA)
Classification part Z(Q7),122,2, Q7
Koha item type Textual
Source of classification or shelving scheme
Holdings
Withdrawn status Lost status Damaged status Not for loan Home library Current library Date acquired Source of acquisition Total Checkouts Full call number Barcode Date last seen Price effective from Koha item type
        Central Library Central Library 2022-10-05 111041, 11/09/2017, International Book Distributors   Z(Q7),122,2 Q7 CL1452917 2022-10-05 2022-10-05 Textual
Copyright @ Delhi University Library System